[Event "EU-ch (Men) 11th"]
[Site "Rijeka"]
[Date "2010.03.09"]
[Round "4.191"]
[White "Mravic, Filip"]
[Black "Klasan, Elvis"]
[Result "1/2-1/2"]
[WhiteElo "1769"]
[BlackElo "1995"]
[PlyCount "79"]
[EventDate "2010.03.06"]
[EventType "swiss"]
[EventRounds "11"]
[EventCountry "CRO"]
[SourceDate "2010.03.06"]

1. Nf3 d5 2. c4 Nf6 3. e3 c6 4. d4 Bg4 5. Qb3 Qc7 6. Ne5 e6 7. Nc3 Bf5 8. Bd2
Bd6 9. Rc1 dxc4 10. Nxc4 b6 11. g3 Nd5 12. Bg2 Nxc3 13. Bxc3 Be7 14. e4 Bg6 15.
d5 exd5 16. exd5 O-O 17. O-O b5 18. Ne5 Bd6 19. Nxc6 Nxc6 20. dxc6 Rab8 21. Bb4
Bxb4 22. Qxb4 a5 23. Qf4 Rfc8 24. Rfd1 f5 25. Rd7 Qxf4 26. gxf4 Be8 27. Bd5+
Kf8 28. Rb7 Rxb7 29. cxb7 Rxc1+ 30. Kg2 Rd1 31. b8=Q Rxd5 32. Qa8 Rd4 33. Kg3
a4 34. Qc8 Rd3+ 35. f3 Rd5 36. h4 g6 37. Qe6 Bf7 38. Qc6 h5 39. b3 axb3 40.
axb3 1/2-1/2

[Event "EU-ch (Men) 11th"]
[Site "Rijeka"]
[Date "2010.03.09"]
[Round "4.192"]
[White "Lanzani, Giuliano"]
[Black "Krsnik Cohar, Ivan Vihor"]
[Result "1/2-1/2"]
[WhiteElo "1992"]
[BlackElo "1780"]
[PlyCount "36"]
[EventDate "2010.03.06"]
[EventType "swiss"]
[EventRounds "11"]
[EventCountry "CRO"]
[SourceDate "2010.03.06"]

1. e4 d5 2. exd5 Qxd5 3. Nc3 Qd6 4. d4 Nf6 5. Nf3 Bg4 6. h3 Bxf3 7. Qxf3 c6 8.
Be3 e6 9. O-O-O Be7 10. g4 Nbd7 11. Bg2 Nb6 12. a3 Nc4 13. Bf4 Qd8 14. Qd3 Nd5
15. Be5 Nxe5 16. dxe5 Qb6 17. Nxd5 cxd5 18. f4 Rc8 1/2-1/2

[Event "EU-ch (Men) 11th"]
[Site "Rijeka"]
[Date "2010.03.09"]
[Round "4.193"]
[White "Stefan, Mario"]
[Black "Russo, Carmelo"]
[Result "1-0"]
[WhiteElo "1973"]
[BlackElo "1739"]
[PlyCount "53"]
[EventDate "2010.03.06"]
[EventType "swiss"]
[EventRounds "11"]
[EventCountry "CRO"]
[SourceDate "2010.03.06"]

1. e4 c6 2. d4 d5 3. exd5 cxd5 4. Bd3 Nc6 5. c3 Nf6 6. Bg5 g6 7. Nd2 Bg7 8.
Ngf3 O-O 9. O-O Qc7 10. Re1 Na5 11. Ne5 Nc6 12. Ndf3 Re8 13. Qd2 Ng4 14. Bf4
Ngxe5 15. Nxe5 Qb6 16. Re2 Nd8 17. Rae1 a6 18. h4 Nc6 19. Nf3 f6 20. h5 g5 21.
Bxg5 fxg5 22. Bxh7+ Kxh7 23. Qd3+ Kg8 24. Nxg5 Bg4 25. Qh7+ Kf8 26. h6 Red8 27.
hxg7+ 1-0

[Event "EU-ch (Men) 11th"]
[Site "Rijeka"]
[Date "2010.03.09"]
[Round "4.194"]
[White "Zrilic, Bozo"]
[Black "Mateta, Marin"]
[Result "0-1"]
[WhiteElo "1968"]
[BlackElo "1718"]
[PlyCount "79"]
[EventDate "2010.03.06"]
[EventType "swiss"]
[EventRounds "11"]
[EventCountry "CRO"]
[SourceDate "2010.03.06"]

1. d4 g6 2. c4 Bg7 3. Nc3 Nc6 4. Nf3 d6 5. h3 Nf6 6. e4 O-O 7. Be3 e5 8. d5 Ne7
9. Qd2 Ne8 10. Bh6 f5 11. Bxg7 Kxg7 12. Bd3 f4 13. Nh2 c6 14. f3 Ng8 15. Ng4
Ngf6 16. O-O-O Nh5 17. Rhe1 c5 18. Kb1 a5 19. a4 Bd7 20. b3 Qb6 21. Qb2 Nc7 22.
Nb5 Na6 23. Bf1 Ng3 24. Nf2 Nb4 25. Nd3 g5 26. Be2 h6 27. Nf2 Bxb5 28. cxb5 c4
29. Bxc4 Rac8 30. Rc1 Rc7 31. Nd3 Rxc4 32. Rxc4 Nxd3 33. Qc3 Nxe1 34. Qxe1 Rf7
35. Qd2 Nf1 36. Qc3 Ne3 37. Rc8 Qd4 38. Qxd4 exd4 39. Kb2 Nxg2 40. Kc2 0-1

[Event "EU-ch (Men) 11th"]
[Site "Rijeka"]
[Date "2010.03.09"]
[Round "4.195"]
[White "Srdoc, Nenad"]
[Black "Plenca, Jadranko"]
[Result "0-1"]
[WhiteElo "1954"]
[BlackElo "1718"]
[PlyCount "92"]
[EventDate "2010.03.06"]
[EventType "swiss"]
[EventRounds "11"]
[EventCountry "CRO"]
[SourceDate "2010.03.06"]

1. e4 e5 2. f4 exf4 3. Bc4 Qh4+ 4. Kf1 Bc5 5. d4 Be7 6. Nc3 Nf6 7. Nf3 Qh6 8.
e5 Ng4 9. Nd5 Kd8 10. Bxf4 Qc6 11. Qd3 d6 12. h3 Nh6 13. Nxe7 Kxe7 14. exd6+
cxd6 15. Re1+ Kd8 16. Bxh6 gxh6 17. Bxf7 Rf8 18. d5 Qc7 19. Be6 Bxe6 20. dxe6
Nc6 21. c3 Qe7 22. Kf2 Kc7 23. Qe3 Rf6 24. Rhf1 Ne5 25. Kg1 Rxe6 26. Nd4 Nf3+
27. Rxf3 Rxe3 28. Rfxe3 Qf6 29. Re6 Qg5 30. R6e5 Qxe5 31. Rxe5 dxe5 32. Nf3 Kd6
33. Kf2 Kd5 34. Ke3 Rg8 35. g4 h5 36. g5 Rf8 37. c4+ Ke6 38. b3 Kf5 39. b4 Rc8
40. Nd2 Kxg5 41. Ke4 Kf6 42. c5 b6 43. Nb3 Ke6 44. a4 Rf8 45. cxb6 axb6 46. a5
Rf4+ 0-1

[Event "EU-ch (Men) 11th"]
[Site "Rijeka"]
[Date "2010.03.09"]
[Round "4.196"]
[White "Jokic, Miljenko"]
[Black "Rafaelic, Denis"]
[Result "1-0"]
[WhiteElo "1949"]
[BlackElo "1714"]
[PlyCount "57"]
[EventDate "2010.03.06"]
[EventType "swiss"]
[EventRounds "11"]
[EventCountry "CRO"]
[SourceDate "2010.03.06"]

1. e4 c5 2. Nf3 d6 3. d4 cxd4 4. Nxd4 Nf6 5. Nc3 a6 6. Be2 e6 7. Be3 Be7 8. O-O
O-O 9. Kh1 Nc6 10. Qd2 Qc7 11. f4 Bd7 12. Bf3 Rac8 13. g4 b5 14. g5 Ne8 15. a3
Na5 16. Nd1 Nc4 17. Qg2 e5 18. Nf5 Bxf5 19. exf5 Nxe3 20. Nxe3 Bd8 21. fxe5
dxe5 22. f6 Nd6 23. Bg4 Rb8 24. Nd5 Qc4 25. Rae1 e4 26. fxg7 Kxg7 27. Nf6 b4
28. Qh3 Rh8 29. Qh6# 1-0

[Event "EU-ch (Men) 11th"]
[Site "Rijeka"]
[Date "2010.03.09"]
[Round "4.197"]
[White "Dubrovic, Rafael"]
[Black "Nakas, Spyridon"]
[Result "0-1"]
[WhiteElo "1577"]
[BlackElo "1949"]
[PlyCount "58"]
[EventDate "2010.03.06"]
[EventType "swiss"]
[EventRounds "11"]
[EventCountry "CRO"]
[SourceDate "2010.03.06"]

1. e4 e6 2. d4 d5 3. exd5 exd5 4. Nf3 Bd6 5. Bd3 Ne7 6. h3 Bf5 7. O-O O-O 8.
Be3 Nd7 9. Nc3 c6 10. Bg5 f6 11. Be3 Re8 12. Qd2 Nf8 13. Ne2 Be4 14. Ne1 Nf5
15. c3 Qe7 16. Bc2 Ng6 17. Bb3 Ngh4 18. Bf4 Bxg2 19. Nxg2 Nf3+ 20. Kh1 Nxd2 21.
Bxd2 Qxe2 22. Be3 Qh5 23. Nf4 Bxf4 24. Bxf4 Qf3+ 25. Kg1 Qxf4 26. Rfe1 Nh4 27.
Re3 Rxe3 28. fxe3 Qf3 29. Kh2 Qg2# 0-1

[Event "EU-ch (Men) 11th"]
[Site "Rijeka"]
[Date "2010.03.09"]
[Round "4.199"]
[White "Camber, Ivan"]
[Black "Dubrovic, Gabriel"]
[Result "0-1"]
[WhiteElo "1921"]
[BlackElo "1687"]
[PlyCount "98"]
[EventDate "2010.03.06"]
[EventType "swiss"]
[EventRounds "11"]
[EventCountry "CRO"]
[SourceDate "2010.03.06"]

1. e4 c5 2. Nf3 a6 3. c3 d5 4. exd5 Qxd5 5. d4 Bg4 6. Be2 e6 7. O-O Nc6 8. Be3
cxd4 9. Nxd4 Bxe2 10. Qxe2 Nf6 11. Nd2 g6 12. Nc4 Qe4 13. Rfe1 Nxd4 14. Bxd4
Qxe2 15. Rxe2 Be7 16. Bxf6 Bxf6 17. Nd6+ Ke7 18. Nxb7 Rhb8 19. Nc5 Rb5 20. Na4
Rc8 21. Rc1 Rd8 22. c4 Rb4 23. b3 Bg5 24. Rce1 Rd6 25. g3 Rb8 26. c5 Rd2 27. f4
Rxe2 28. Rxe2 Bf6 29. Rd2 Rd8 30. Rxd8 Kxd8 31. Kf2 Kc7 32. Ke3 Kc6 33. Kd3 Kb5
34. Nc3+ Bxc3 35. Kxc3 Kxc5 36. b4+ Kd5 37. a4 f6 38. b5 axb5 39. a5 Kc5 40. h3
h6 41. g4 g5 42. fxg5 hxg5 43. a6 Kb6 44. Kb4 Kxa6 45. Kc5 e5 46. Kd5 b4 47.
Ke6 e4 48. Kxf6 e3 49. Kxg5 e2 0-1

[Event "EU-ch (Men) 11th"]
[Site "Rijeka"]
[Date "2010.03.09"]
[Round "4.200"]
[White "Pejic, Igor"]
[Black "Tomulic, Teo"]
[Result "1-0"]
[WhiteElo "1912"]
[BlackElo "1598"]
[PlyCount "49"]
[EventDate "2010.03.06"]
[EventType "swiss"]
[EventRounds "11"]
[EventCountry "CRO"]
[SourceDate "2010.03.06"]

1. e4 c5 2. c3 d5 3. exd5 Qxd5 4. d4 e6 5. Nf3 Nf6 6. Be3 Nc6 7. Be2 Ng4 8. Bf4
Nf6 9. O-O cxd4 10. cxd4 Be7 11. Nc3 Qd8 12. Bd3 O-O 13. Re1 a6 14. a3 Kh8 15.
Bc2 b5 16. Qd3 b4 17. Ne4 g6 18. Bh6 Re8 19. Neg5 Kg8 20. Nxf7 Kxf7 21. Ng5+
Kg8 22. Nxh7 Bf8 23. Qxg6+ Kh8 24. Nxf6 Qc7 25. Qg8# 1-0